000
00249nam a2200109Ia 4500
008
190216s9999||||xx |||||||||||||| ||und||
100
_a
Santhi Narayan
245
0
_a
Integral Calculus
260
_b
S Chand & Co
650
_a
Mathematics
942
_c
BK
999
_c
30674
_d
30674